000 00775nam a22002417a 4500
001 9654
003 FISKH
005 20260128095807.0
008 260128b cb ||||| |||| 00| 0 eng d
020 _a9781529367263
040 _aFISKH
_beng
_cFISKH
_dFISKH
050 _aPZ7.1 .G6993 .B
082 _a813.6
100 _aGrace, Adalyn
245 _aBelladonna /
_cAdalyn Grace
260 _aLondon :
_bHodder Scape,
_c2022.
300 _a403 pages :
_c20 cm
490 _aBelladonna :
_vBook One
520 _aNineteen-year-old orphan Signa Farrow confronts Death--and her own deathly powers--when she investigates the mysterious murder of a relative at the Thorn Grove estate.
650 _aRomance
_vYoung adult
_xMystery
942 _2ddc
_cBK
_n0
999 _c9654
_d9654